Málo zahraničných investícií
Nová majetková účasť a reinvestovaný zisk zahraničných firiem dosiahli dlhoročné minimum. Prílev zahraničných investícií od roku 2006 do 2010.
Saved in:
| Main Author: | |
|---|---|
| Format: | Book Chapter |
| Language: | Slovak |
| Subjects: | |
| Tags: |
No Tags, Be the first to tag this record!
|
MARC
| LEADER | 00000naa a2200000 4500 | ||
|---|---|---|---|
| 001 | 0128180 | ||
| 005 | 20231113072739.5 | ||
| 041 | 0 | |a slo | |
| 044 | |a SK | ||
| 245 | 1 | 0 | |a Málo zahraničných investícií |c Michal Lehuta |
| 520 | |a Nová majetková účasť a reinvestovaný zisk zahraničných firiem dosiahli dlhoročné minimum. Prílev zahraničných investícií od roku 2006 do 2010. | ||
| 610 | 2 | 0 | |a investície zahraničné |
| 610 | 2 | 0 | |a Slovensko |
| 100 | 1 | |a Lehuta, Michal | |